000 00950pam a2200301 i 4500
001 1285
005 20230815131251.0
008 790307s1979 nyua j 000 1 eng
020 _a0688221955
020 _a068832195X (lib. bdg.)
020 _a9780380709526
040 _aDLC
_cDLC
_dDLC
_beng
050 0 0 _aPZ7.C5792
_bRaif
082 0 0 _a[Fic]
100 1 _aCleary, Beverly
245 1 0 _aRamona and her mother /
_cBeverly Cleary ; illustrated by Alan Tiegreen.
260 _aNew York :
_bMorrow,
_c1979.
300 _a207 pages :
_bIllustrations ;
_c20 cm.
505 _aW
520 _aRamona at 7 1/2 sometimes feels discriminated against by being the youngest in the family.
521 _a860
_bLexile
521 _aW
_bRaz-Plus
650 1 _aFamily life
_xFiction.
650 1 _aMothers and daughters
_xFiction.
700 1 _aTiegreen, Alan
906 _a7
_bcbc
_corignew
_d1
_eocip
_f19
_gy-gencatlg
942 _2ddc
_cBK
_n0
999 _c1285
_d1285